Estepa Patagónica /
Guardado en:
| Autor Corporativo: | |
|---|---|
| Formato: | |
| Series: | Naturalistas Viajeros
|
| Materias: | |
| Etiquetas: |
Agregar Etiqueta
Sin Etiquetas, Sea el primero en etiquetar este registro!
|
| LEADER | 00929ngm a22002415g 4500 | ||
|---|---|---|---|
| 001 | CEM.cems022978 | ||
| 008 | 130507b2010##################0###0#####d | ||
| 005 | 20241128142511.0 | ||
| 245 | 1 | 0 | |a Estepa Patagónica / |c Canal Encuentro. |
| 300 | |a 29'. | ||
| 490 | 0 | |a Naturalistas Viajeros | |
| 500 | |a En soporte VHS, consultar en ventanilla. | ||
| 505 | 0 | |a Estudios de Carlos y Florentino Ameghino sobre la estepa patagónica. Hallazgos arqueológicos. Exploraciones sobre la flora y fauna patagónica. Teorías sobre el origen del hombre americano. | |
| 538 | |a Soporte: VHS - Norma: Pal N - Color: Si - Grabación DRD 2010 - Hitachi=0000 | ||
| 110 | 2 | |a Canal Encuentro. | |
| 082 | 9 | 1 | |/ AME |
| 653 | |a GEOGRAFIA | ||
| 653 | |a ESTEPA PATAGONICA | ||
| 653 | |a AMEGHINO | ||
| 653 | |a ARQUEOLOGIA | ||
| 653 | |a NIVEL PRIMARIO | ||
| 653 | |a NIVEL SECUNDARIO | ||
| 859 | |a CEMS |b BIB. CEMS - Depto. Recursos Didacticos |h 910 |i AME |k DRD |p 1621.12 |t Ej.1 | ||
